00335nam a2200133Ia 450000500170000000800410001705000260005824500530008426000220013730000210015944000060018052100070018652600080019320140404083841.0140130s9999 xx 000 0 und d aPZ 7b.P52112La 2000  cRodman PhilbrickaLast Book in the Universe, The bScholastic,c2000 a223 p. :c22 cm. v1 aG5 c740